Harry Potter Alliterations - Statistics

General Stats
  • This quiz has been taken 102 times
  • The average score is 13 of 16
Answer Stats
Hint Answer % Correct
Ravenclaw seeker and Harry's ex-girlfriend Cho Chang
96%
Another founder of Hogwarts Godric Gryffindor
96%
Another founder of Hogwarts Helga Hufflepuff
93%
Wormtail Peter Pettigrew
93%
A founder of Hogwarts Rowena Ravenclaw
93%
Another founder of Hogwarts Salazar Slytherin
93%
Got a pig's tail Dudley Dursley
91%
Married Fleur Delacour William Weasley
91%
One of Draco Malfoy's cronies Gregory Goyle
82%
Draco Malfoy's girlfriend Pansy Parkinson
82%
Tonks' father/son Ted Tonks
82%
The author of A History of Magic Bathilda Bagshot
77%
Dreamy member of the DA Luna Lovegood
69%
One of the members in the previous person's gang Piers Polkiss
62%
When he met Harry in the Leaky Cauldron, his hat fell off Dedalus Diggle
43%
Strangled to death in St. Mungo's Broderick Bode
41%
No matching quizzes found
Score Distribution
Percent of People with Each Score
Percentile by Number Answered
Your Score History
You have not taken this quiz